Religion and social conflict, (Record no. 41802)
[ view plain ]
| 000 -LEADER | |
|---|---|
| fixed length control field | 01050cam a22002891 4500 |
| 001 - CONTROL NUMBER | |
| control field | 2167789 |
| 005 - DATE AND TIME OF LATEST TRANSACTION | |
| control field | 20180507103002.0 |
| 008 - FIXED-LENGTH DATA ELEMENTS--GENERAL INFORMATION | |
| fixed length control field | 711216s1964 nyu b 000 0 eng |
| 010 ## - LIBRARY OF CONGRESS CONTROL NUMBER | |
| LC control number | 64011231 |
| 040 ## - CATALOGING SOURCE | |
| Original cataloging agency | DLC |
| Transcribing agency | DLC |
| Modifying agency | DLC |
| 043 ## - GEOGRAPHIC AREA CODE | |
| Geographic area code | n-us--- |
| 100 1# - MAIN ENTRY--PERSONAL NAME | |
| Personal name | Lee, Robert, |
| Dates associated with a name | 1929- |
| Relator term | ed. |
| 245 10 - TITLE STATEMENT | |
| Title | Religion and social conflict, |
| Remainder of title | based upon lectures given at the Institute of Ethics and Society at San Francisco Theological Seminary. |
| Statement of responsibility, etc | Edited by Robert Lee [and] Martin E. Marty. |
| 260 ## - PUBLICATION, DISTRIBUTION, ETC. (IMPRINT) | |
| Place of publication, distribution, etc | New York : |
| Name of publisher, distributor, etc | Oxford University Press, |
| Date of publication, distribution, etc | c1964. |
| 300 ## - PHYSICAL DESCRIPTION | |
| Extent | vii, 193 p. |
| Dimensions | 21 cm. |
| 336 ## - CONTENT TYPE | |
| Content Type Term | text |
| 337 ## - MEDIA TYPE | |
| Media Type Term | unmediated |
| 338 ## - CARRIER TYPE | |
| Carrier Type Term | volume |
| 504 ## - BIBLIOGRAPHY, ETC. NOTE | |
| Bibliography, etc | Includes bibliographical references. |
| 650 #0 - SUBJECT ADDED ENTRY--TOPICAL TERM | |
| Topical term or geographic name as entry element | Christianity and politics. |
| 650 #0 - SUBJECT ADDED ENTRY--TOPICAL TERM | |
| Topical term or geographic name as entry element | Social conflict |
| Geographic subdivision | United States. |
| 651 #0 - SUBJECT ADDED ENTRY--GEOGRAPHIC NAME | |
| Geographic name | United States |
| General subdivision | Religion |
| Chronological subdivision | 1945-1960. |
| 651 #0 - SUBJECT ADDED ENTRY--GEOGRAPHIC NAME | |
| Geographic name | United States |
| General subdivision | Religion |
| Chronological subdivision | 1960- |
| 700 1# - ADDED ENTRY--PERSONAL NAME | |
| Personal name | Marty, Martin E., |
| Dates associated with a name | 1928- |
| Relator term | joint ed. |
| 710 2# - ADDED ENTRY--CORPORATE NAME | |
| Corporate name or jurisdiction name as entry element | San Francisco Theological Seminary. |
| Subordinate unit | Institute of Ethics and Society. |
| 942 ## - ADDED ENTRY ELEMENTS (KOHA) | |
| Source of classification or shelving scheme | Library of Congress Classification |
| Item type | Books |
| Withdrawn status | Lost status | Source of classification or shelving scheme | Damaged status | Not for loan | Home library | Current library | Shelving location | Date acquired | Source of acquisition | Inventory number | Total Checkouts | Full call number | Barcode | Date last seen | Price effective from | Koha item type |
|---|---|---|---|---|---|---|---|---|---|---|---|---|---|---|---|---|
| Library of Congress Classification | BSOP Library | BSOP Library | GC | 05/07/2018 | 40878 | BR516 R27 1964 | 00051878 | 05/07/2018 | 05/07/2018 | Books |
